| 000 | 00438nam a22001697a 4500 | ||
|---|---|---|---|
| 005 | 20180327121624.0 | ||
| 008 | 160621b xxu||||| |||| 00| 0 eng d | ||
| 020 | _a0-7069-8650-4 | ||
| 041 | _aeng | ||
| 082 |
_b8778 _a338.88 |
||
| 100 |
_aGhosh, Biswanath _9728 |
||
| 245 | _aEconomic Environment of Business | ||
| 260 |
_a New Delhi _bVikas Publishing House (P) Ltd. _c1997 |
||
| 300 | _a429 | ||
| 650 |
_aManagement _9241 |
||
| 942 | _cBK | ||
| 999 |
_c3411 _d3410 |
||